Quizzes
Events
Quiz Creation
Community
Videos
Private Events
Remove Ads
Sign In
Join for FREE
Feedback
Dark Mode
Quiz Categories
Sports
Geography
Music
Movies
Television
Just For Fun
Miscellaneous
History
Literature
Language
Science
Gaming
Entertainment
Religion
Holiday
For Kids
Quiz Lab
Recent
Popular Today
Quiz Kudos Today
Editor Picks
Curator Picks
Quizzes by...
Day
Popularity
Type
Ratings
Length
Year
Community
Subscriptions
Recent Discussions
Orange Saloon
Badges
Playlists
Quests
Create
Leaderboards
Showdown
Live 5
Trivia Bingo
Activity
Puzzle Library
Sporcle Events
Private Events
Virtual Trivia
Globe League
Become a Host
Pub Owners
SporcleCon
Opinionation
Our Games
Videos
Blog
Mobile Apps
Partnerships
Remove Ads and Go Orange
Feedback
Geography
Country
Landmarks
City
State
Population
World
Capital
Continent
Flags
Europe
Africa
Asia
South America
North America
Oceania
Border
Canada
United Kingdom
Topography
United States
Geography
Country
Landmarks
City
State
Population
World
Capital
Continent
Flags
Europe
Africa
Asia
South America
North America
Oceania
Border
Canada
United Kingdom
Topography
United States
Random Quiz
Search Sporcle
×
Quiz Lab
Quiz Lab
Geography
counties
Type in answers that appear in a list
Type in answers that appear in a list
Classic
Best Score? Go Orange.
Counties of North Carolina Stats
Can you name the counties of North Carolina?
By
catpie
6m
100 Questions
5,371 Plays
5,371 Plays
5,371 Plays
Comments
Comments
Give Quiz Kudos
Give Quiz Kudos
-
- Ratings
hide this ad
Replay
Link that replays current quiz
Next Quiz
Link to next quiz in quiz playlist
You Got
0%
They Got
Avg Score
67%
Avg Friend Score
Upgrade to see
Score Distribution
Jump to the score distribution portion of the page
Score
0/100
Timer
06:00
0
Plays Today
County
% Correct
Wake
88.7%
Mecklenburg
87.5%
Durham
86.5%
Alamance
85.5%
Orange
85.5%
Ashe
83.4%
Buncombe
82.2%
Forsyth
80.2%
Guilford
79.3%
Dare
77.7%
Johnston
76.9%
New Hanover
76.2%
Iredell
76%
Cherokee
75.7%
Gaston
74.5%
Jackson
74.5%
Washington
74.2%
Davidson
74%
Union
72.6%
Yancey
72.3%
Anson
72.2%
Greene
72.2%
Lincoln
71.8%
Alleghany
71.5%
Watauga
71.5%
Davie
71.5%
Franklin
71.4%
Lee
71.4%
Avery
71.3%
Yadkin
71.2%
Vance
69.5%
Brunswick
69.5%
Carteret
69.4%
Pitt
69.3%
County
% Correct
Cabarrus
68.7%
Chatham
68.5%
Onslow
68.2%
Nash
68.2%
Pasquotank
68.1%
Wilson
68.1%
Catawba
67.8%
Transylvania
67.7%
Edgecombe
67.6%
Bertie
67.6%
Currituck
67.6%
Madison
67.5%
Surry
67.4%
Alexander
67.3%
Cumberland
67.1%
Polk
66.8%
Wilkes
66.7%
Person
66.3%
Bladen
65.7%
Moore
65.7%
Henderson
65.6%
Rockingham
65.4%
Perquimans
65.4%
Duplin
65.4%
Warren
65.2%
Randolph
65.1%
Lenoir
64.9%
Rowan
64.4%
Wayne
64.3%
Hoke
63.8%
Cleveland
63.7%
Pender
63%
Caswell
63%
Caldwell
63%
County
% Correct
Beaufort
62.7%
Burke
62.6%
Jones
62.6%
Montgomery
62.3%
Robeson
62.2%
Scotland
62.1%
Granville
62%
Stokes
61.9%
Rutherford
61.8%
Hyde
61.8%
Sampson
61.6%
Halifax
61.5%
Clay
61.3%
Harnett
60.6%
Graham
60.4%
Pamlico
60.2%
Richmond
60.2%
Northampton
60.1%
Gates
59.9%
Chowan
59.4%
Columbus
58.9%
Tyrrell
58.8%
Macon
58.3%
Camden
57.8%
Stanly
57.7%
Craven
57.2%
McDowell
56.7%
Swain
56.6%
Mitchell
55.9%
Haywood
54.3%
Hertford
54%
Martin
53.7%
Quiz Playlist
Details
Report
Send in Message
Add To Playlist
Classic:
Type in answers that appear in a list
Quiz Source
Last Updated: Feb 16, 2017
Quiz Scoreboard
CHALLENGE
Sign Up to Join the Scoreboard
Show All
Scores
Hide
Comments
May contain spoilers
Recently Published
9x9 Crossword: Cartoon Network
by jackfrog10
Miscellaneous
3m
College Basketball Coaching Resumes
by pancakes188
Sports
9m
Billboard Blitz: Fleetwood Mac
by CooCooCachoo
Music
15s
More to Explore
Quiz From the Vault
Featured Blog Post
Where Did the Easter Bunny Come From?
hide this ad
You Might Also Like...
Tags
carolina
counties
north
North Carolina
Today's Top Quizzes in Geography
Browse Geography
hide this ad
Today's Top Quizzes in counties
Browse counties
Top Contributed Quizzes in Geography
1
Countries of the World - No Outlines Minefield
2
Top 25 Cities of France on a map
3
Any capital of a 'B' country per Continent
4
Any capital of a 'C' country per Continent
5
Closest Countries to UK A-Z
6
Any capital of a 'D' country per Continent
7
5-to-1: US Geography No Hints
8
Any capital of an 'E' country per Continent
9
Find the US States - No Outlines
10
Any capital of an 'F' country per Continent
Explore More
Trending Topics
Disney
Crossword
Marvel
Anime
Harry Potter
NBA
Kpop
Soccer
Country
WWE
NFL
Puzzle
Song
Pokémon
The Office
hide this ad
More By:
catpie
Quiz
Plays
Rating
Category
Featured
Created
Counties of North Carolina
5,371
4.44
Geography
Oct 20, 2009
Go to Creator's Profile
Score Distribution
Quiz Creator Spotlight
catpie
Follow
Send a Message
Quizzes Created
-
Created Quiz Play Count
-
More By This Creator
Popular Quizzes Today
1
Find the US States - No Outlines Minefield
2
Find the Countries of Europe - No Outlines Minefield
3
The Countries of the World
4
Find the US States
5
Risky Map Clicking: Biggest States A-Z
6
US States
7
Popular People in 1961
8
Movies - When Are They Set?
More Geography Quizzes
Ancient Man-Made Landmarks From Above
Published
Trending Quizzes
Risky Map Clicking: Least Populous States A-Z
1-10 Letter G Words
Risky Map Clicking: Next State Alphabetically
Adjectives in 80s TV Shows
The Seven Year Switch: Catherine
Recently Updated
Leaping Animals
pecheneg
Reality TV Shows (A-Z)
bhenderson79
Rickey Henderson's Hall of Fame Teammates
pecheneg
Champions League XIs: Arsenal
pecheneg
Quick Pick: Celebrities in WWE's Hall of Fame
aduchscher
A-Z Keypad Blitz II
pecheneg
Multiple Oscar Actors
pecheneg
Mystery Phrase Blitz: Oscar 'Best Actors'
pecheneg
F. Scott Fitzgerald Novels
LTH
Pick 3 Villains
ddd62291
Trending Topics
Crossword
Anime
Disney
Kpop
Harry Potter
NBA
Marvel
NFL
Country
WWE
Puzzle
Soccer
Song
The Office
Pokémon
Your Account Isn't Verified!
In order to create a playlist on Sporcle, you need to verify the email address you used during registration. Go to your
Sporcle Settings
to finish the process.
Report this User
Report this user for behavior that violates our
Community Guidelines
.
Details:
Send Report
Go to the Sporcle.com Mobile Site →
Comments